[Event "American Continental 19th"]
[Site "Foz do Iguacu"]
[Date "2025.05.26"]
[Round "6"]
[White "Cezar, William Carlos Jr"]
[Black "Tomiello, Mateus Costamilan"]
[Result "0-1"]
[WhiteElo "2048"]
[BlackElo "2199"]
[PlyCount "48"]
[EventDate "2025.05.23"]
[EventType "swiss"]
[EventRounds "11"]
[EventCountry "BRA"]
[SourceTitle "CB23_2025"]
[SourceDate "2025.06.04"]
[SourceVersion "1"]
[SourceVersionDate "2025.06.04"]
[SourceQuality "1"]

1. c4 e5 2. g3 Nf6 3. Bg2 c6 4. d4 e4 5. d5 Bb4+ 6. Bd2 Qe7 7. Nc3 cxd5 8. cxd5 0-0 9. Nh3 h6 10. 0-0 Bc5 11. Qc1 d6 12. a3 Bf5 13. Nf4 Nbd7 14. Be3 Rfc8 15. b4 Bxe3 16. Qxe3 Ng4 17. Qd4 Nb6 18. e3 Ne5 19. Nb5 g5 20. Nxa7 Rxa7 21. Qxb6 Ra6 22. Qb5 gxf4 23. exf4 Nd3 24. Ra2 Qc7 0-1

[Event "American Continental 19th"]
[Site "Foz do Iguacu"]
[Date "2025.05.26"]
[Round "5"]
[White "Silva, Juliana Figueira Th"]
[Black "Cezar, William Carlos Jr"]
[Result "0-1"]
[WhiteElo "1919"]
[BlackElo "2048"]
[PlyCount "160"]
[EventDate "2025.05.23"]
[EventType "swiss"]
[EventRounds "11"]
[EventCountry "BRA"]
[SourceTitle "CB23_2025"]
[SourceDate "2025.06.04"]
[SourceVersion "1"]
[SourceVersionDate "2025.06.04"]
[SourceQuality "1"]

1. d4 d5 2. c4 e6 3. Nf3 Nf6 4. g3 h6 5. Bg2 Bd6 6. 0-0 0-0 7. Qc2 b6 8. b3 Qe7 9. Bb2 Bb7 10. Nc3 dxc4 11. bxc4 Bb4 12. Ne5 Bxg2 13. Kxg2 c5 14. a3 Bxc3 15. Bxc3 cxd4 16. Bxd4 Na6 17. f3 Rac8 18. Qb2 Rfd8 19. Rfd1 Ne8 20. Rac1 Nd6 21. Bf2 Rc7 22. Qd2 Nc5 23. Rc3 Ndb7 24. Qc2 Qe8 25. Qb1 Na5 26. Qb5 f6 27. Ng6 Kf7 28. Rxd8 Qxd8 29. Nf4 Qd2 30. Re3 Qc2 31. Nd5 Rd7 32. Nc3 Qb3 33. Qxb3 Ncxb3 34. Rd3 Ke7 35. Na4 Nc1 36. Re3 Rc7 37. Rc3 Rxc4 38. Be3 Nxe2 39. Rxc4 Nxc4 40. Kf2 Nxe3 41. Kxe3 Nc1 42. Nc3 Nb3 43. Nb5 a6 44. Nc7 Nc5 45. Na8 b5 46. Kd4 Kd6 47. Nb6 e5+ 48. Ke3 Ne6 49. Kd3 a5 50. Kc3 Ng5 51. f4 exf4 52. gxf4 Ne6 53. f5 Nc7 54. Kd4 b4 55. Nc4+ Kd7 56. Nxa5 bxa3 57. Kc5 a2 58. Nb3 Ne8 59. Kb4 Nd6 60. Ka3 Nxf5 61. Kxa2 Ke6 62. Kb2 Ke5 63. Kc3 Kf4 64. Nd2 Ke3 65. h3 h5 66. Kc2 g5 67. Kd1 Nd4 68. Nc4+ Kf2 69. Nd6 f5 70. Kd2 g4 71. hxg4 fxg4 72. Kd3 Nf3 73. Ne4+ Kg1 74. Nf6 Ne5+ 75. Ke4 h4 76. Kxe5 g3 77. Kf4 g2 78. Ng4 Kf1 79. Nh2+ Kf2 80. Ng4+ Ke2 0-1

[Event "American Continental 19th"]
[Site "Foz do Iguacu"]
[Date "2025.05.25"]
[Round "4"]
[White "Cezar, William Carlos Jr"]
[Black "Pierrot, Juan Facundo"]
[Result "0-1"]
[WhiteElo "2048"]
[BlackElo "2253"]
[PlyCount "100"]
[EventDate "2025.05.23"]
[EventType "swiss"]
[EventRounds "11"]
[EventCountry "BRA"]
[SourceTitle "CB23_2025"]
[SourceDate "2025.06.04"]
[SourceVersion "1"]
[SourceVersionDate "2025.06.04"]
[SourceQuality "1"]

1. c4 e5 2. g3 Nf6 3. Bg2 d5 4. cxd5 Nxd5 5. Nf3 Nc6 6. 0-0 Nb6 7. Nc3 Be7 8. a3 a5 9. d3 0-0 10. Be3 Be6 11. Na4 Nd5 12. Bc5 Bd6 13. Rc1 Rc8 14. d4 e4 15. Ne5 f5 16. Nxc6 bxc6 17. e3 Rb8 18. Qd2 Nb6 19. Bxb6 cxb6 20. Rxc6 Bb3 21. Qc3 Bd5 22. f3 exf3 23. Bxf3 Bxc6 24. Qxc6 Qe7 25. Kf2 Rfe8 26. Qc4+ Kh8 27. Qd3 Qf6 28. Nc3 Qh6 29. Rh1 Qg6 30. Rf1 Rbc8 31. Re1 Qf7 32. Re2 Qd7 33. Kg2 Bf8 34. Nd5 Rb8 35. Rc2 Rec8 36. Rf2 b5 37. h4 b4 38. axb4 axb4 39. h5 b3 40. Nf4 Bb4 41. Nd5 Bd6 42. Nc3 Rf8 43. Qc4 Qe7 44. Nd5 Qg5 45. Nf4 Bxf4 46. exf4 Qf6 47. d5 Rfc8 48. Qd3 Rc2 49. Be2 Qxb2 50. h6 Re8 0-1

[Event "American Continental 19th"]
[Site "Foz do Iguacu"]
[Date "2025.05.23"]
[Round "1"]
[White "Tristan, Leonardo"]
[Black "Cezar, William Carlos Jr"]
[Result "1-0"]
[WhiteElo "2536"]
[BlackElo "2048"]
[PlyCount "69"]
[EventDate "2025.05.23"]
[EventType "swiss"]
[EventRounds "11"]
[EventCountry "BRA"]
[SourceTitle "CB23_2025"]
[SourceDate "2025.06.04"]
[SourceVersion "1"]
[SourceVersionDate "2025.06.04"]
[SourceQuality "1"]

1. d4 d5 2. Nf3 Nf6 3. c3 e6 4. Bf4 Bd6 5. e3 b6 6. Nbd2 0-0 7. h4 c5 8. h5 Bxf4 9. exf4 cxd4 10. cxd4 Qd6 11. h6 g6 12. g3 Ba6 13. Bxa6 Nxa6 14. 0-0 Nb4 15. Qa4 Nd3 16. Qb3 Nb4 17. Rfc1 Ng4 18. Ne5 Nxh6 19. a3 f6 20. Qxb4 Qxb4 21. axb4 fxe5 22. dxe5 Nf5 23. Nf3 h6 24. Rc6 Rfe8 25. Kg2 Kf7 26. Rh1 Ne7 27. Rc7 Rec8 28. Rb7 Rh8 29. Nd4 h5 30. Nc6 Rhe8 31. g4 Rac8 32. b5 Kf8 33. gxh5 gxh5 34. Rxh5 Ng8 35. Rhh7 1-0

[Event "Rio de Janeiro Duchamp op 4th"]
[Site "Rio de Janeiro"]
[Date "2022.12.09"]
[Round "3"]
[White "Cezar, William Carlos Jr"]
[Black "Terao, Juliana Sayumi"]
[Result "1-0"]
[WhiteElo "2023"]
[BlackElo "2240"]
[PlyCount "99"]
[EventDate "2022.12.07"]
[EventType "swiss"]
[EventRounds "9"]
[EventCountry "BRA"]
[SourceTitle "CBM 211 Extra"]
[Source "ChessBase"]
[SourceDate "2023.01.31"]
[SourceVersion "1"]
[SourceVersionDate "2023.01.31"]
[SourceQuality "1"]

1. c4 e6 2. g3 Nf6 3. Bg2 d5 4. Nf3 Be7 5. 0-0 0-0 6. d3 c5 7. a3 Nc6 8. Qc2 b6 9. b4 Bb7 10. bxc5 Bxc5 11. cxd5 Qxd5 12. Bb2 Rac8 13. Nbd2 Rfd8 14. Bxf6 gxf6 15. Ne4 Be7 16. Qb2 Kg7 17. a4 Na5 18. Rac1 Qb3 19. Qa1 Qa3 20. Rxc8 Rxc8 21. Qxa3 Bxa3 22. Nd4 f5 23. Ng5 Bxg2 24. Kxg2 Bc5 25. Rc1 h6 26. Ngf3 Rd8 27. Nb5 Kf6 28. Nxa7 e5 29. Rc2 e4 30. dxe4 fxe4 31. Nd2 Kf5 32. Nb5 Nc6 33. g4+ Ke5 34. Nc4+ Kd5 35. Nc7+ Kd4 36. Nxb6 Bxb6 37. Rxc6 Bxc7 38. Rxc7 Rb8 39. Rd7+ Ke5 40. Re7+ Kd5 41. Kh3 Ra8 42. f3 exf3 43. exf3 f5 44. gxf5 Rxa4 45. Kg3 Ra6 46. h4 Rb6 47. Kg4 Ra6 48. f4 Rf6 49. h5 Rb6 50. Re5+ 1-0

[Event "Rio de Janeiro Duchamp op 4th"]
[Site "Rio de Janeiro"]
[Date "2022.12.08"]
[Round "2"]
[White "Von Buelow, Georg"]
[Black "Cezar, William Carlos Jr"]
[Result "1/2-1/2"]
[WhiteElo "2361"]
[BlackElo "2023"]
[PlyCount "84"]
[EventDate "2022.12.07"]
[EventType "swiss"]
[EventRounds "9"]
[EventCountry "BRA"]
[SourceTitle "CBM 211 Extra"]
[Source "ChessBase"]
[SourceDate "2023.01.31"]
[SourceVersion "1"]
[SourceVersionDate "2023.01.31"]
[SourceQuality "1"]

1. e4 c5 2. Nf3 Nc6 3. d4 cxd4 4. Nxd4 Nf6 5. Nc3 e5 6. Ndb5 d6 7. Bg5 a6 8. Na3 b5 9. Bxf6 gxf6 10. Nd5 f5 11. c3 Bg7 12. exf5 Bxf5 13. Nc2 0-0 14. Nce3 Be6 15. Bd3 f5 16. 0-0 Ne7 17. Nxe7+ Qxe7 18. Bxf5 Bf7 19. Be4 Rab8 20. Nf5 Qf6 21. Qxd6 Qxd6 22. Nxd6 Be6 23. Rfd1 Rfd8 24. a3 Bf8 25. Nb7 Re8 26. Na5 Kh8 27. Rd3 Bc5 28. Rad1 Rf8 29. R3d2 Rf4 30. Re1 Rbf8 31. Bf3 Bh3 32. Kh1 Rxf3 33. gxf3 Rxf3 34. Rxe5 Bxf2 35. Rd8+ Kg7 36. Re7+ Kg6 37. Rd6+ Kg5 38. Rxh7 Be3 39. Rxh3 Rxh3 40. Rd3 Kf4 41. Nb3 Rf3 42. Rd1 Ke5 1/2-1/2

[Event "Sao Paulo op-B 3rd"]
[Site "Sao Paulo"]
[Date "2015.09.18"]
[Round "2"]
[White "Cezar, William Carlos Jr"]
[Black "Ferreira Iolanda, Gabriel"]
[Result "1/2-1/2"]
[WhiteElo "2001"]
[BlackElo "1857"]
[PlyCount "122"]
[EventDate "2015.09.17"]
[EventType "swiss"]
[EventRounds "6"]
[EventCountry "BRA"]
[SourceTitle "EXT 2016"]
[Source "ChessBase"]
[SourceDate "2015.10.08"]
[SourceVersion "1"]
[SourceVersionDate "2015.10.08"]
[SourceQuality "1"]

1. c4 e5 2. g3 Nc6 3. Bg2 g6 4. Nc3 Bg7 5. e4 d6 6. Nge2 f5 7. d3 Nf6 8. 0-0 h6 9. Rb1 g5 10. f4 exf4 11. gxf4 g4 12. exf5 Bxf5 13. Ng3 Qc8 14. Re1+ Kf7 15. Nce4 h5 16. Ng5+ Kg6 17. Nxf5 Qxf5 18. Re6 Nd4 19. Be4 Nxe6 20. Bxf5+ Kxf5 21. d4 Nxg5 22. fxg5 Ne4 23. Qd3 Rae8 24. Bd2 Rhf8 25. Rf1+ Kg6 26. Re1 Kf5 27. g6 Rf6 28. d5 Rff8 29. Bc3 Bxc3 30. bxc3 Rg8 31. h4 Re5 32. a4 b6 33. Kg2 Rg7 34. a5 Rg8 35. a6 Rg7 36. c5 Rge7 37. cxb6 cxb6 38. c4 Kf6 39. Qf1+ Kxg6 40. Qf8 Re8 41. Qf4 Rf5 42. Qe3 Rfe5 43. Rf1 Nf6 44. Qf4 Rf8 45. Qd2 Rfe8 46. Qf4 Rf8 47. Qc1 Rfe8 48. Qc2+ Ne4 49. Rf4 Kg7 50. Qc1 Nf6 51. Rf2 Kg6 52. Qf1 Rf8 53. Qd3+ Kg7 54. Rf5 Nd7 55. Rg5+ Rxg5 56. hxg5 Ne5 57. Qa3 Rd8 58. Qe3 Rf8 59. Qa3 Rd8 60. Qe3 Rf8 61. Qd4 Rf3 1/2-1/2

[Event "Matinhos Caioba op"]
[Site "Matinhos"]
[Date "2015.08.16"]
[Round "6"]
[White "Cezar, William Carlos Jr"]
[Black "Sztokbant, Bernardo Vainzoff"]
[Result "1-0"]
[WhiteElo "1983"]
[BlackElo "2244"]
[PlyCount "180"]
[EventDate "2015.08.14"]
[EventType "swiss"]
[EventRounds "6"]
[EventCountry "BRA"]
[SourceTitle "EXT 2016"]
[Source "ChessBase"]
[SourceDate "2015.10.08"]
[SourceVersion "1"]
[SourceVersionDate "2015.10.08"]
[SourceQuality "1"]

1. c4 Nf6 2. g3 g6 3. Bg2 Bg7 4. Nf3 c5 5. 0-0 0-0 6. d4 cxd4 7. Nxd4 Nc6 8. Nc3 Qc7 9. Nc2 d6 10. b3 Be6 11. Bb2 Rac8 12. Nd4 Nxd4 13. Qxd4 a6 14. Rac1 Qb8 15. e3 b5 16. cxb5 axb5 17. Ne2 Nh5 18. Qd2 Bxb2 19. Qxb2 Nf6 20. Nf4 Bf5 21. h4 Qa7 22. Rfe1 Be4 23. Bxe4 Nxe4 24. Nd5 e6 25. Qd4 Qxd4 26. Ne7+ Kg7 27. exd4 Rxc1 28. Rxc1 b4 29. Nc6 Nc3 30. Rc2 Nd5 31. Rc4 Ra8 32. Rc2 Ra6 33. Kf1 Kf8 34. Nb8 Ra7 35. Ke1 Ra3 36. Nc6 Ra8 37. Kd2 Ke8 38. Kc1 Kd7 39. Kb2 Rc8 40. Na5 Nc3 41. Nc4 Nd5 42. Rd2 Rc6 43. Rc2 Ra6 44. Nd2 Nc3 45. Ka1 Ke7 46. a4 Kf6 47. Nf1 Kf5 48. Kb2 Ke4 49. Rd2 Ra5 50. Ne3 d5 51. Nc2 Kf3 52. Ne1+ Kg4 53. Nd3 Ne4 54. Re2 Kf3 55. Rc2 Nc3 56. Rd2 Ne4 57. Ne1+ Kg4 58. f3+ Kxg3 59. fxe4 dxe4 60. Kc1 f5 61. Rg2+ Kxh4 62. Rh2+ Kg3 63. Rxh7 f4 64. Kd2 g5 65. Rf7 Rd5 66. Nc2 Kf2 67. Rf6 e3+ 68. Kd3 Rd8 69. Nxe3 Rh8 70. Ng4+ Kg3 71. Ne5 Rc8 72. Rg6 Rc3+ 73. Kd2 Rxb3 74. Rxg5+ Kf2 75. Nd3+ Kf3 76. Re5 Ra3 77. Nxb4 Rxa4 78. Nc2 Ra6 79. Kd3 Kf2 80. Re2+ Kf1 81. Rh2 f3 82. Ke3 Kg1 83. Rd2 e5 84. d5 Rf6 85. Rf2 e4 86. Nb4 Rb6 87. Rb2 f2 88. Rxf2 Rxb4 89. Rd2 Rb8 90. d6 Rd8 1-0

[Event "Almeria Sola Memorial 1st"]
[Site "Almeria"]
[Date "2014.12.28"]
[Round "6"]
[White "Ortiz Aviles, Javier"]
[Black "Cezar, William Carlos Jr"]
[Result "1-0"]
[WhiteElo "2061"]
[BlackElo "1985"]
[PlyCount "127"]
[EventDate "2014.12.26"]
[EventType "swiss"]
[EventRounds "7"]
[EventCountry "ESP"]
[SourceTitle "CBM 164 Extra"]
[Source "ChessBase"]
[SourceDate "2015.03.02"]
[SourceVersion "1"]
[SourceVersionDate "2015.03.02"]
[SourceQuality "1"]

1. d4 d5 2. Nf3 Nf6 3. e3 e6 4. Bd3 Be7 5. Nbd2 b6 6. Qe2 c5 7. b3 0-0 8. 0-0 a5 9. Ne5 Ba6 10. Bxa6 Nxa6 11. Nc6 Qc7 12. Nxe7+ Qxe7 13. Bb2 Nb4 14. a3 Na6 15. Rac1 Nc7 16. dxc5 bxc5 17. e4 d4 18. a4 e5 19. Nc4 Ne6 20. Rce1 Nf4 21. Qf3 Ra6 22. Bc1 Ng6 23. Bd2 Qc7 24. g3 Nd7 25. Qd3 h5 26. Re2 Rfa8 27. f4 exf4 28. gxf4 Ne7 29. Qf3 f5 30. e5 g6 31. Rg2 Qc6 32. Qxc6 Rxc6 33. Bxa5 Nf8 34. Kf2 Ne6 35. Bd2 Kh7 36. Rg3 Nd5 37. Ke2 Ra7 38. Kd1 Rd7 39. Kc1 Nb6 40. Nd6 c4 41. Ne8 Ra7 42. Nf6+ Kh6 43. Rfg1 g5 44. Rh3 g4 45. Nxg4+ fxg4 46. Rxg4 cxb3 47. f5+ Ng5 48. Rxg5 Rxc2+ 49. Kb1 Rb2+ 50. Kxb2 Nc4+ 51. Kxb3 Nxd2+ 52. Kc2 Kxg5 53. Kxd2 Kxf5 54. Rxh5+ Ke6 55. Rh6+ Kxe5 56. a5 Ke4 57. a6 Rg7 58. Rh4+ Ke5 59. Kd3 Ra7 60. Rh5+ Kf4 61. Ra5 Kg4 62. Ra2 Kf5 63. Kxd4 Ke6 64. Kc5 1-0

[Event "Sao Paulo Hebraica op 18th"]
[Site "Sao Paulo"]
[Date "2014.07.20"]
[Round "5"]
[White "Cezar, William Carlos Jr"]
[Black "Aranha Filho, Alvaro Zimmermann"]
[Result "0-1"]
[WhiteElo "1987"]
[BlackElo "2277"]
[PlyCount "128"]
[EventDate "2014.07.17"]
[EventType "swiss"]
[EventRounds "6"]
[EventCountry "BRA"]
[SourceTitle "CBM 161 Extra"]
[Source "ChessBase"]
[SourceDate "2014.08.29"]
[SourceVersion "1"]
[SourceVersionDate "2014.08.29"]
[SourceQuality "1"]

1. c4 e6 2. g3 d5 3. Bg2 Nf6 4. Nf3 c5 5. cxd5 exd5 6. d4 Nc6 7. 0-0 Be7 8. h3 0-0 9. a3 Ne4 10. Nc3 cxd4 11. Nxd4 Nxc3 12. bxc3 Bf6 13. Rb1 a6 14. Kh2 Nxd4 15. cxd4 Re8 16. a4 h5 17. e3 g6 18. Qf3 Re4 19. Qe2 Qd7 20. f4 Re8 21. Qf3 Qxa4 22. Qxd5 Kg7 23. Qb3 Qxb3 24. Rxb3 Ra7 25. Ba3 b5 26. Bc5 Rc7 27. e4 Be7 28. Bxe7 Rexe7 29. Rf2 Red7 30. d5 Bb7 31. Rd2 Rc5 32. Rbd3 a5 33. e5 b4 34. Rd4 Ba6 35. d6 Rc4 36. Rxc4 Bxc4 37. Bc6 Rd8 38. g4 hxg4 39. hxg4 Be6 40. Kg3 Rc8 41. Ba4 Rb8 42. f5 gxf5 43. gxf5 Bxf5 44. Kf4 Bg6 45. e6 fxe6 46. Ke5 Kf7 47. Rf2+ Bf5 48. d7 Ke7 49. Rg2 Rh8 50. Rg7+ Kd8 51. Kd6 e5 52. Kxe5 Bh3 53. Kd6 Rh6+ 54. Kc5 Kc7 55. Re7 Rh5+ 56. Kc4 Bf1+ 57. Kd4 Bb5 58. Bb3 a4 59. Be6 b3 60. Re8 Bxd7 61. Re7 Kd6 62. Rxd7+ Kxe6 63. Rb7 Ra5 64. Kc3 a3 0-1

[Event "Sao Paulo Hebraica op 18th"]
[Site "Sao Paulo"]
[Date "2014.07.20"]
[Round "6"]
[White "Gazola, Vanessa Ramos"]
[Black "Cezar, William Carlos Jr"]
[Result "1/2-1/2"]
[WhiteElo "1965"]
[BlackElo "1987"]
[PlyCount "86"]
[EventDate "2014.07.17"]
[EventType "swiss"]
[EventRounds "6"]
[EventCountry "BRA"]
[SourceTitle "CBM 161 Extra"]
[Source "ChessBase"]
[SourceDate "2014.08.29"]
[SourceVersion "1"]
[SourceVersionDate "2014.08.29"]
[SourceQuality "1"]

1. d4 d5 2. c4 e6 3. Nc3 Nf6 4. cxd5 exd5 5. Bg5 Be7 6. e3 0-0 7. Bd3 h6 8. Bh4 b6 9. Nge2 c5 10. dxc5 bxc5 11. Bxf6 Bxf6 12. Nxd5 Bxb2 13. Rb1 Be5 14. 0-0 Nd7 15. Qa4 Nf6 16. Nxf6+ Qxf6 17. Qe4 g6 18. Qxa8 Bf5 19. Qd5 Rd8 20. Qxd8+ Qxd8 21. Bxf5 gxf5 22. Ng3 Qd7 23. Rbc1 Bxg3 24. hxg3 Qd5 25. Rc2 a5 26. Rfc1 a4 27. Rc4 a3 28. R1c2 Kg7 29. f3 f4 30. gxf4 Qe6 31. Kf2 Qf6 32. Rxc5 Qh4+ 33. Ke2 Qh1 34. Kd3 Qd1+ 35. Ke4 Qd7 36. R5c3 Qd6 37. g4 Qb4+ 38. Kd3 Qb5+ 39. Rc4 Qb1 40. Ke4 Qb7+ 41. Rc6 Qb4+ 42. R6c4 Qb7+ 43. Rc6 Qb4+ 1/2-1/2

[Event "Sao Paulo Hebraica op 18th"]
[Site "Sao Paulo"]
[Date "2014.07.17"]
[Round "1"]
[White "Cezar, William Carlos Jr"]
[Black "Ribeiro, Matheus Henrique Ma"]
[Result "1-0"]
[WhiteElo "1987"]
[BlackElo "1696"]
[PlyCount "79"]
[EventDate "2014.07.17"]
[EventType "swiss"]
[EventRounds "6"]
[EventCountry "BRA"]
[SourceTitle "CBM 161 Extra"]
[Source "ChessBase"]
[SourceDate "2014.08.29"]
[SourceVersion "1"]
[SourceVersionDate "2014.08.29"]
[SourceQuality "1"]

1. c4 c5 2. g3 Nc6 3. Bg2 g6 4. Nc3 Bg7 5. Nf3 e5 6. 0-0 Nge7 7. a3 0-0 8. Rb1 a5 9. d3 d6 10. Ne1 Be6 11. Nc2 d5 12. cxd5 Nxd5 13. Ne3 Nxe3 14. Bxe3 Nd4 15. Bxb7 Rb8 16. Bg2 Bb3 17. Qd2 Qd6 18. Ne4 Qb6 19. Rfc1 Rfc8 20. Nc3 f5 21. Bg5 Be6 22. Nd5 Bxd5 23. Bxd5+ Kh8 24. Rc4 Qd6 25. Bg2 Nc6 26. Qd1 h6 27. Rh4 Kh7 28. e4 Nd4 29. Be3 Rf8 30. f4 Ne6 31. exf5 gxf5 32. fxe5 Qxe5 33. Qd2 f4 34. Be4+ Kg8 35. gxf4 Qf6 36. Rg4 h5 37. Rg6 Qh4 38. Rxe6 Qg4+ 39. Qg2 Rxb2 40. Rxb2 1-0

[Event "Maringa op 2nd"]
[Site "Maringa"]
[Date "2012.08.10"]
[Round "5"]
[White "Gonzalez, Bolivar Ribeiro"]
[Black "Cezar, William Carlos Jr"]
[Result "1-0"]
[WhiteElo "2257"]
[BlackElo "1973"]
[PlyCount "62"]
[EventDate "2012.08.08"]
[EventType "swiss"]
[EventRounds "9"]
[EventCountry "BRA"]
[SourceTitle "CBM 149 Extra"]
[Source "ChessBase"]
[SourceDate "2012.08.24"]
[SourceVersion "1"]
[SourceVersionDate "2012.08.24"]
[SourceQuality "1"]

1. e4 c5 2. Nf3 Nc6 3. d4 cxd4 4. Nxd4 Nf6 5. Nc3 e5 6. Ndb5 d6 7. Nd5 Nxd5 8. exd5 Nb8 9. c4 Be7 10. Be3 0-0 11. Be2 a6 12. Nc3 Bg5 13. Qd2 Bxe3 14. Qxe3 f5 15. f4 Nd7 16. 0-0 exf4 17. Qe6+ Kh8 18. Qxd6 g5 19. Rae1 Rf6 20. Qb4 a5 21. Qa3 Qb6+ 22. Kh1 Nc5 23. Na4 Nxa4 24. Qxa4 Qd6 25. Qe8+ Rf8 26. Qh5 g4 27. Qg5 f3 28. gxf3 Rg8 29. Qh4 g3 30. Rg1 f4 31. Bd3 h6 1-0

[Event "Pindamonhangaba op"]
[Site "Pindamonhangaba"]
[Date "2011.07.15"]
[Round "3"]
[White "Barbosa, Fernando"]
[Black "Cezar, William Carlos Jr"]
[Result "1-0"]
[WhiteElo "2077"]
[BlackElo "1967"]
[PlyCount "54"]
[EventDate "2011.07.15"]
[EventType "swiss"]
[EventRounds "5"]
[EventCountry "BRA"]
[SourceTitle "EXT 2014"]
[Source "ChessBase"]
[SourceDate "2013.11.20"]
[SourceVersion "1"]
[SourceVersionDate "2013.11.20"]
[SourceQuality "1"]

1. d4 d5 2. Nf3 Nf6 3. c4 e6 4. Nc3 Be7 5. Bg5 0-0 6. e3 h6 7. Bh4 b6 8. cxd5 Nxd5 9. Bg3 c5 10. Bd3 Ba6 11. Bxa6 Nxa6 12. 0-0 Nxc3 13. bxc3 Nc7 14. c4 Bd6 15. Ne5 Bxe5 16. Bxe5 f6 17. Bg3 Rf7 18. Qd3 cxd4 19. exd4 e5 20. d5 b5 21. Rfd1 bxc4 22. Qxc4 Rd7 23. f4 exf4 24. Bxf4 Kh8 25. d6 Ne8 26. Rab1 Qc8 27. Qd5 Nc7 1-0

[Event "Sao Bernardo do Campo LXSBC op 07th"]
[Site "Sao Bernardo do Campo"]
[Date "2011.05.21"]
[Round "3"]
[White "Cezar, William Carlos Jr"]
[Black "Nikolic, Jovane"]
[Result "1-0"]
[WhiteElo "2005"]
[BlackElo "1686"]
[PlyCount "45"]
[EventDate "2011.05.21"]
[EventType "swiss"]
[EventRounds "6"]
[EventCountry "BRA"]
[SourceTitle "EXT 2012"]
[Source "ChessBase"]
[SourceDate "2011.11.24"]
[SourceVersion "1"]
[SourceVersionDate "2011.11.24"]
[SourceQuality "1"]

1. c4 Nf6 2. Nc3 g6 3. g3 Bg7 4. Bg2 0-0 5. Nf3 a6 6. 0-0 d5 7. cxd5 Nxd5 8. a3 Nc6 9. Qc2 f5 10. Qb3 Be6 11. Ng5 Nd4 12. Qxb7 Rb8 13. Nxe6 Rxb7 14. Nxd8 Rxd8 15. Bxd5+ Rxd5 16. Nxd5 Nxe2+ 17. Kg2 Nxc1 18. Raxc1 Rxb2 19. Nxe7+ Kf8 20. Rxc7 Ra2 21. Rb1 Bb2 22. Nd5 Kg8 23. Nc3 1-0

[Event "Santos Paulista Absoluto"]
[Site "Santos"]
[Date "2010.08.20"]
[Round "5"]
[White "De Assis, Washington Luis"]
[Black "Cezar, William Carlos Jr"]
[Result "0-1"]
[WhiteElo "1823"]
[BlackElo "2001"]
[PlyCount "64"]
[EventDate "2010.08.19"]
[EventType "swiss"]
[EventRounds "7"]
[EventCountry "BRA"]
[SourceTitle "CBM 138 Extra"]
[Source "ChessBase"]
[SourceDate "2010.10.29"]
[SourceVersion "1"]
[SourceVersionDate "2010.10.29"]
[SourceQuality "1"]

1. c4 e6 2. Nc3 Nf6 3. g3 Be7 4. Bg2 0-0 5. Nf3 d5 6. cxd5 exd5 7. d4 Nbd7 8. Bf4 c6 9. 0-0 Nh5 10. Bd2 Re8 11. Re1 Nf8 12. Ne5 Bd6 13. Nf3 Nf6 14. Bg5 Bf5 15. Bxf6 Qxf6 16. e3 Bg4 17. h3 Bh5 18. g4 Bg6 19. Nd2 Ne6 20. Nf1 Qh4 21. f4 f5 22. Qf3 Nxd4 23. Qd1 Ne6 24. gxf5 Bxf5 25. Qf3 Nd4 26. exd4 Rxe1 27. Rxe1 Qxe1 28. Nxd5 cxd5 29. Qxd5+ Qe6 30. Qxb7 Rb8 31. Qc6 Kh8 32. Ng3 Qe1+ 0-1

[Event "Botucatu da Rosa Junior"]
[Site "Botucatu"]
[Date "2010.04.30"]
[Round "2"]
[White "Perdomo, Leandro Daniel"]
[Black "Cezar, William Carlos Jr"]
[Result "1-0"]
[WhiteElo "2377"]
[BlackElo "2008"]
[PlyCount "29"]
[EventDate "2010.04.30"]
[EventType "swiss"]
[EventRounds "6"]
[EventCountry "BRA"]
[SourceTitle "EXT 2022"]
[Source "ChessBase"]
[SourceDate "2021.10.06"]
[SourceVersion "1"]
[SourceVersionDate "2021.10.06"]
[SourceQuality "1"]

1. d4 d5 2. c4 e6 3. Nc3 Nf6 4. Bg5 Be7 5. e3 0-0 6. Nf3 b6 7. Qc2 Ba6 8. Bxf6 Bxf6 9. cxd5 exd5 10. Bxa6 Nxa6 11. Qa4 Nb8 12. 0-0 c6 13. Rac1 Re8 14. Ne2 Qd6 15. Nf4 1-0